00696cam a2200229 a 4500001000500000005001700005020001800022040002300040050002400063082001600087100001600103245005900119260003200178300004200210505000800252520009100260521002000351521002000371650002100391650002200412700003200434157420250731134221.0 a9780439387866 aDLCbengcDLCdDLC00aPZ7.D1515bBf 1982b00a823.9142191 aDahl, Roald14aThe BFG cRoald Dahl ; illustrations by Quentin Blake. aLondon :bScholastic,c1982 a207 pages : billustrations ;c20 cm  aR  aKidsnatched from her orphanage by a BFG from nine other man-gobbling cannybull giants. a720 bLexile  aR bRaz-Plus  1aGiantsvFiction. 1aOrphansvFiction.1 aBlake, Quentineillustrator